El nuevo Noé /

Destacado naturalista y zoólogo inglés, prolífico escritor de libros sobre sus viajes a diversas partes de mundo para coleccionar especímenes para los zoológicos británicos. Durrell relata aquí sus experiencias y las dificultades para capturar y sobre todo para cuidar a los animales exóticos, desde...

Ful tanımlama

Kaydedildi:
Detaylı Bibliyografya
Yazar: Durrell, Gerald (autor)
Diğer Yazarlar: Porta, Enrique (ilustración) (ilustración)
Materyal Türü: Kitap
Dil:İspanyolca
Baskı/Yayın Bilgisi: Madrid, España : Alfaguara, 1988, c1986
Edisyon:7a edición
Seri Bilgileri:(Alfaguara Juvenil ; 40)
Konular:
Etiketler: Etiketle
Etiket eklenmemiş, İlk siz ekleyin!

MARC

LEADER 00000nam^a2200000^a^4500
001 000022792
005 20250521000000.0
009 20260310084509.621
020 |a 84-204-3218-0 
037 |a Acervo ITESO - Biblioteca 
041 |a ESP 
082 |a 590. 74442  |b DUR 
100 |a Durrell, Gerald  |e (autor) 
245 1 3 |a El nuevo Noé /  |c G. Durrell ; il. por E. Porta ; tr. por Juan Antonio Santos. 
250 |a 7a edición 
264 4 |a Madrid, España :  |b Alfaguara,  |c 1988, c1986 
300 |a 205 p. 
336 |a texto  |b txt  |2 rdacontenido 
337 |a sin mediación  |b n  |2 rdamedio 
338 |a volumen  |b nc  |2 rdasoporte 
440 1 |a (Alfaguara Juvenil ;  |v 40) 
500 |a Traducción de: The New Noah 
520 |a Destacado naturalista y zoólogo inglés, prolífico escritor de libros sobre sus viajes a diversas partes de mundo para coleccionar especímenes para los zoológicos británicos. Durrell relata aquí sus experiencias y las dificultades para capturar y sobre todo para cuidar a los animales exóticos, desde monos vigotudos, galápagos, osos hormigueros hasta boas y caimanes. Aquí relata sus experiencias en un viaje a la selva de Camerún, cuando aún se conservaba relativamente virgen; así como sus expediciones a las Guayanas y al Paraguay. 
649 |a XX 
650 |a Zoológicos -  |z Inglaterra 
650 |a Animales -  |x Colección y Preservación 
650 |a Fauna -  |z Camerún 
650 |a Fauna -  |z Paraguay 
650 |a Fauna -  |z Guayanas 
650 |a Especies en Peligro de Extinción 
650 |a Conservación y Protección Ambiental 
650 |a Expediciones Científicas 
650 |a Viajes y Travesías 
650 |a Zoología 
650 |a Biología 
650 |a Zoología 
650 |a Libros de Viajes Ingleses 
650 |a Libros de Viajes -  |z Camerún 
650 |a Memorias Inglesas 
650 |a Literatura Inglesa -  |y Siglo XX 
650 |a Humor 
650 |a Animales en la Literatura 
700 |a Porta, Enrique  |e (ilustración) 
910 |a Fondo General 
920 |a Impresos - Libros 
930 |a Colección General 
905 |a 101 
901 |a 0227920100  |b IT1  |c ACC  |i 022792  |u 20250521 
902 |a https://opac.biblio.iteso.mx/vufind/Record/000022792